LEADER 01415nam0 22003493i 450 001 PAR0684607 005 20251003044307.0 010 $a1862390924 010 $a9781862390928 100 $a20080923d2002 ||||0itac50 ba 101 | $aeng 102 $agb 181 1$6z01$ai $bxxxe 182 1$6z01$an 183 1$6z01$anc$2RDAcarrier 200 1 $aDeep-water contourite systems$emodern drifts and ancient series, seismic and sedimentary characteristics$fedited by D. A. V. Stow ... [et al.] 210 $aLondon$cGeological Society$d2002 215 $aVI, 464 p., [2 c. di tav. ripieg.]$cill.$d32 cm. 225 | $aMemoirs of the Geological Society of London$v22 410 0$1001GEA0020436$12001 $aMemoirs of the Geological Society of London$v22$171202$aGeological society$c $3TO0V100286$4070 606 $aSedimentologia$2FIR$3RAVC042066$9E 676 $a551.3$9sedimentologia$v14 702 1$aStow$b, D. A. V.$3GEAV022610 790 1$aStow$b, Dorrick A. V.$3UBOV121952$zStow, D. A. V. 801 3$aIT$bIT-000000$c20080923 850 $aIT-BN0095 901 $bNAP 01$cSALA $n$ 912 $aPAR0684607 950 0$aBiblioteca Centralizzata di Ateneo$c1 v.$d 01SALA 551.3 DEE$e 0104 0000010865 VMA 1 v.$fA $h20080923$i20080923 977 $a 01 996 $aDeep-water contourite systems$91573969 997 $aUNISANNIO